000 00891 a2200229 4500
005 20140903174959.0
008 131127s2011 enkd frn 001 0 eng d
020 _a9780230240247
040 _aCO-BoUCM
_bspa
_cJose A. Gerena (modificó)
_dDiana Londoño
041 0 0 _aeng
245 0 0 _aNuclear energy development in Asia problems and prospects
_ceditado por Xu Yi-chong
260 _aNueva York (Estados Unidos)
_bPalgrave Macmillan
_c2011
300 _axix, 246 páginas
_bcuadros, gráficas
490 _aEnergy, climate and the environment series
504 _aIncluye referencias bibliográficas e índices
650 7 _914233
_aEnergía nuclear
_zAsia
650 7 _aEnergía nuclear
_914233
690 _942791
_aDesarrollo económico
700 _aXu, Yi-chong
_eeditor
_951447
942 _a1
_cLIBRO
_e1
_mN964
_2DEWEY
_h333.7924095
999 _c182918
_d182918